Associez Chanteur / Album - Statistiques

Statistiques générales
  • Ce quiz a été pris 61 fois
  • Le résultat moyen est 4 sur 13
Statistiques - réponses
Hint Réponse % Correct
Billie Eilish dont smile at me
54%
Lady Gaga Chromatica
52%
Katy Perry Prism
35%
Justin Bieber Justice
33%
Linkin Park Hybrid Theory
27%
System Of A Down Hypnotize
25%
Eminem Revival
25%
Rihanna Loud
23%
Rilès Welcome To The Jungle
21%
Bon Jovi These Days
17%
Twenty One Pilots Vessel
17%
Iron Maiden Piece Of Mind
15%
Metallica Reload
10%
Aucun quiz correspondant
Distribution des résultats
% des personnes avec chaque résultat
Percentile par nombre de réponses
Votre historique - résultats
Vous n’avez pas pris ce quiz